Alle FC Barcelona Trainer seit 2000 - Statistiken

Allgemein
  • Dieses Quiz wurde 155 mal gespielt
  • Das Durchschnittsergebnis liegt bei 6 aus 20
Antwortstatistiken
Hint Antwort % Korrekt
2021-2024 Xavi
88%
2024- Hansi Flick
82%
2008-2012 Pep Guardiola
80%
2014-2017 Luis Enrique
64%
2020-2021 Ronald Koeman
58%
2017-2020 Ernesto Valverde
39%
2003-2008 Frank Rijkaard
32%
2020-2020 Quique Setien
22%
1997-2000 Louis van Gaal
20%
2002-2003 Louis van Gaal
20%
2012-2012 Vilanova
13%
2013-2013 Vilanova
13%
2013-2013 Vilanova
13%
2013-2014 Gerardo Martino
5%
2021-2021 Sergi Barjuan
4%
2003-2003 Radomir Antic
3%
2001-2002 Rexach
2%
2012-2013 Roura
2%
2013-2013 Roura
2%
2000-2001 Serra Ferrer
1%
Keine übereinstimmenden Quizze gefunden
Verteilung der Resultate
Anzahl Personen mit jedem Resultat
Perzentil nach korrekt beantworteten Fragen
Ihre Resultats-Entwicklung
Sie haben dieses Quiz noch nicht gespielt